[Event "Chigorin Memorial"]
[Site "St Petersburg"]
[Date "2015.10.11"]
[Round "9.166"]
[White "Ivanov, Nikolay A"]
[Black "Abdildayeva, Laura"]
[Result "1/2-1/2"]
[WhiteElo "1895"]
[BlackElo "1600"]
[PlyCount "91"]
[EventDate "2015.10.03"]
[EventRounds "9"]
[EventCountry "RUS"]

1. Nf3 Nf6 2. c4 c5 3. Nc3 b6 4. g3 Bb7 5. Bg2 e6 6. O-O Be7 7. Re1 d6 8. e4
Nbd7 9. d4 cxd4 10. Nxd4 a6 11. b3 Qc7 12. Bb2 O-O 13. Rc1 Rfd8 14. Rc2 Nf8 15.
Rce2 Rd7 16. Rd2 Rad8 17. Nc2 Ba8 18. Qe2 Ng6 19. Red1 Qb8 20. Ne3 Rc7 21. Ba3
Ne8 22. Bb2 Bc6 23. Nc2 Qa8 24. Nd4 Bb7 25. Nc2 Bf6 26. Na4 Bxb2 27. Nxb2 Ne7
28. Ne1 Kf8 29. e5 d5 30. h4 Rdc8 31. h5 Bc6 32. a4 Qb7 33. Nf3 b5 34. axb5
axb5 35. Nd4 bxc4 36. bxc4 dxc4 37. Nxc6 Nxc6 38. Nxc4 Qb4 39. Nd6 Rd8 40. Bxc6
Rxc6 41. Nxe8 Rxd2 42. Qxd2 Qxd2 43. Rxd2 Kxe8 44. f4 Ke7 45. Kg2 f6 46. exf6+
1/2-1/2

[Event "Chigorin Memorial"]
[Site "St Petersburg"]
[Date "2015.10.11"]
[Round "9.167"]
[White "Slugin, Yaroslav"]
[Black "Borunova, Tatiana"]
[Result "1-0"]
[WhiteElo "1895"]
[BlackElo "1599"]
[PlyCount "49"]
[EventDate "2015.10.03"]
[EventRounds "9"]
[EventCountry "RUS"]

1. a3 e5 2. b4 d5 3. Bb2 Bd6 4. Nf3 f6 5. e3 Ne7 6. c4 c6 7. Nc3 Be6 8. cxd5
cxd5 9. Nb5 O-O 10. Nxd6 Qxd6 11. Be2 Nbc6 12. d3 Rfc8 13. O-O d4 14. b5 Na5
15. exd4 exd4 16. Nxd4 Nf5 17. Nxe6 Qxe6 18. Bg4 Qd5 19. Qa4 Nh4 20. Bh3 Nb3
21. Qxh4 Rc2 22. Rae1 Qxd3 23. Be6+ Kh8 24. Re3 Qd2 25. Bf5 1-0

[Event "Chigorin Memorial"]
[Site "St Petersburg"]
[Date "2015.10.11"]
[Round "9.169"]
[White "Stroganov, Anatoly"]
[Black "Mednik, Boris"]
[Result "1-0"]
[WhiteElo "1795"]
[BlackElo "1648"]
[PlyCount "129"]
[EventDate "2015.10.03"]
[EventRounds "9"]
[EventCountry "RUS"]

1. d4 e6 2. Nf3 d5 3. e3 Nf6 4. Nbd2 Bd6 5. Bd3 O-O 6. O-O Nbd7 7. Ng5 h6 8.
Nh3 e5 9. c3 c6 10. f3 Re8 11. Nf2 Qb6 12. b3 Nf8 13. Bb2 exd4 14. exd4 Qc7 15.
h3 Ne6 16. Re1 Bd7 17. Nf1 Nh5 18. Ng4 Nef4 19. Qd2 Nxd3 20. Qxd3 Ng3 21. Nge3
Re6 22. Rad1 Rae8 23. Bc1 Rg6 24. Ng4 Rge6 25. Nge3 R6e7 26. Bd2 Nxf1 27. Nxf1
Rxe1 28. Rxe1 Rxe1 29. Bxe1 Qa5 30. a4 Qb6 31. Qc2 Qd8 32. Bg3 Bxg3 33. Nxg3
Qg5 34. Kf2 h5 35. Nf1 Qf5 36. Qxf5 Bxf5 37. b4 g6 38. a5 a6 39. Ke3 Kg7 40.
Kf4 Kf6 41. g4 g5+ 42. Ke3 hxg4 43. hxg4 Bg6 44. Nd2 Ke6 45. Nb3 Kd6 46. Nc5
Kc7 47. f4 gxf4+ 48. Kxf4 Kc8 49. Ke5 Kc7 50. Kf6 Kc8 51. g5 Bh5 52. Nd3 Kd7
53. Nc5+ Kc7 54. Ke7 Bg6 55. Nd7 Be4 56. Ne5 b6 57. Kxf7 bxa5 58. bxa5 Kd6 59.
g6 Bxg6+ 60. Kxg6 c5 61. Kf6 c4 62. Kf7 Kc7 63. Ke6 Kb7 64. Kxd5 Kc7 65. Kxc4
1-0

[Event "Chigorin Memorial"]
[Site "St Petersburg"]
[Date "2015.10.11"]
[Round "9.170"]
[White "Ismagilov, Damir"]
[Black "Tsyrendashiev, Bato"]
[Result "1/2-1/2"]
[WhiteElo "1753"]
[BlackElo "1631"]
[PlyCount "102"]
[EventDate "2015.10.03"]
[EventRounds "9"]
[EventCountry "RUS"]

1. e4 e5 2. Nf3 Nc6 3. d4 exd4 4. Nxd4 Bb4+ 5. c3 Bc5 6. Be3 Bb6 7. Nxc6 bxc6
8. Bxb6 axb6 9. Nd2 Ne7 10. Bd3 O-O 11. O-O Ng6 12. f4 d5 13. exd5 cxd5 14. Qh5
f5 15. a3 Ba6 16. Bxa6 Rxa6 17. Qe2 Ra8 18. g3 Re8 19. Qf2 Qd7 20. Rae1 Nf8 21.
Nf3 Ne6 22. Ne5 Qd6 23. Nd3 Nc5 24. Nxc5 bxc5 25. Rxe8+ Rxe8 26. Re1 Re4 27. b4
cxb4 28. axb4 Qc6 29. Qd2 Kf7 30. Kf2 Qc4 31. Re3 h6 32. Re1 Kf6 33. Rd1 c6 34.
Re1 g5 35. fxg5+ hxg5 36. h4 f4 37. hxg5+ Kxg5 38. Rxe4 Qxe4 39. gxf4+ Qxf4+
40. Ke2 Kf5 41. Qxf4+ Kxf4 42. Kd3 Ke5 43. Ke3 Ke6 44. Kd3 Ke5 45. Ke3 Ke6 46.
Kd2 Kd6 47. Kc2 c5 48. Kd3 cxb4 49. cxb4 Kc6 50. Kd4 Kb5 51. Kxd5 Kxb4 1/2-1/2

[Event "Chigorin Memorial"]
[Site "St Petersburg"]
[Date "2015.10.11"]
[Round "9.173"]
[White "Aure, Anders Nilsson"]
[Black "Pogorelskikh, Sofia"]
[Result "1-0"]
[WhiteElo "1689"]
[BlackElo "1616"]
[PlyCount "141"]
[EventDate "2015.10.03"]
[EventRounds "9"]
[EventCountry "RUS"]

1. c4 Nf6 2. Nc3 g6 3. g3 Bg7 4. Bg2 O-O 5. Nf3 d6 6. O-O e5 7. d3 a6 8. Rb1 h6
9. b4 c6 10. Bd2 Be6 11. a4 Nbd7 12. b5 axb5 13. axb5 d5 14. bxc6 bxc6 15. cxd5
cxd5 16. Nb5 Rb8 17. Qc1 Kh7 18. Qc7 Qxc7 19. Nxc7 Rfc8 20. Rxb8 Rxb8 21. Nxe6
fxe6 22. Bh3 Rb6 23. Ba5 Rc6 24. d4 e4 25. Nd2 Kg8 26. e3 Kf7 27. Rb1 g5 28.
Bf1 Rc8 29. Rb7 Rb8 30. Rxb8 Nxb8 31. Bb5 Nbd7 32. Nb3 Bf8 33. Kf1 Bd6 34. Ke2
Ke7 35. Bc3 Ne8 36. Na5 Nb8 37. Nb7 Ba3 38. Nc5 Nd6 39. Ba4 Nc4 40. Bb3 Kd6 41.
Nxe4+ dxe4 42. Bxc4 Nc6 43. Bb5 Nb4 44. Kd2 Nd5 45. Ba5 Nc7 46. Bc4 Nd5 47. h3
Kd7 48. Kc2 Bd6 49. Kb3 h5 50. Be2 h4 51. gxh4 gxh4 52. Bc4 Bc7 53. Bxc7 Nxc7
54. Kb4 Kd6 55. Bb3 Ne8 56. Kc4 Nf6 57. Bd1 Nh7 58. Be2 Ng5 59. Bg4 Kc6 60.
Bxe6 Kd6 61. Bg4 Kc6 62. d5+ Kd6 63. Kd4 Ke7 64. Ke5 Nf7+ 65. Kxe4 Kd6 66. Be6
Ng5+ 67. Kf4 Nh7 68. Kg4 Nf6+ 69. Kxh4 Ne4 70. f3 Nd2 71. Kg4 1-0

[Event "Chigorin Memorial"]
[Site "St Petersburg"]
[Date "2015.10.11"]
[Round "9.175"]
[White "Prishibilovich, Matvei"]
[Black "Aseeva, Anastasia"]
[Result "0-1"]
[WhiteElo "1409"]
[BlackElo "2015"]
[PlyCount "146"]
[EventDate "2015.10.03"]
[EventRounds "9"]
[EventCountry "RUS"]

1. d4 Nf6 2. c4 e6 3. Nc3 Bb4 4. Bd2 c5 5. e3 O-O 6. Nf3 b6 7. a3 Bxc3 8. Bxc3
Bb7 9. Be2 d5 10. O-O Nbd7 11. Rc1 Rc8 12. b4 Ne4 13. cxd5 Nxc3 14. Rxc3 exd5
15. dxc5 bxc5 16. bxc5 Nxc5 17. Qc2 Ne6 18. Rxc8 Bxc8 19. Qa4 Qc7 20. Rd1 Bb7
21. h3 Nc5 22. Rc1 Qb6 23. Qd4 Rc8 24. Nh4 g6 25. Nf3 Rc7 26. Bf1 Qa5 27. Qf6
Rc6 28. Qe7 Qc7 29. Qe5 Qxe5 30. Nxe5 Rc7 31. Nd3 Ne6 32. Rxc7 Nxc7 33. Nb4 Kf8
34. Be2 Ke7 35. Kf1 Kd6 36. Ke1 a5 37. Nc2 Kc5 38. Kd2 Nb5 39. g3 Bc8 40. g4
Nd6 41. f3 f5 42. g5 f4 43. exf4 Bxh3 44. Kc3 Nf5 45. Ne1 Ng3 46. Nd3+ Kd6 47.
Bd1 Bf1 48. Ne5 Nh5 49. Nd3 Bxd3 50. Kxd3 Nxf4+ 51. Ke3 Ke5 52. Bc2 d4+ 53. Kf2
d3 54. Bb1 Kd4 55. Ke1 Ke3 56. Kd1 Nh3 57. Bxd3 Kxd3 58. a4 Nxg5 59. f4 Ne6 60.
f5 gxf5 61. Ke1 f4 62. Kf2 Ng5 63. Kf1 Ke3 64. Ke1 f3 65. Kf1 Ne4 66. Ke1 f2+
67. Kf1 Nd2+ 68. Kg2 f1=Q+ 69. Kg3 Qf4+ 70. Kg2 Qf3+ 71. Kg1 Ne4 72. Kh2 Qg3+
73. Kh1 Nf2# 0-1

[Event "Chigorin Memorial"]
[Site "St Petersburg"]
[Date "2015.10.11"]
[Round "9.176"]
[White "Glazov, Anatoly"]
[Black "Lemeshev, Roman"]
[Result "1-0"]
[WhiteElo "1827"]
[BlackElo "1763"]
[PlyCount "111"]
[EventDate "2015.10.03"]
[EventRounds "9"]
[EventCountry "RUS"]

1. Nf3 Nf6 2. c4 g6 3. d4 Bg7 4. Nc3 d5 5. Bg5 c6 6. e3 Ne4 7. Nxe4 dxe4 8. Nd2
Qa5 9. Bf4 e5 10. dxe5 Bxe5 11. Bxe5 Qxe5 12. Qc2 Bf5 13. Be2 Nd7 14. g4 Be6
15. Nxe4 f5 16. gxf5 Bxf5 17. Bd3 O-O-O 18. O-O-O Bxe4 19. Bxe4 Nc5 20. Bg2
Rxd1+ 21. Qxd1 Rd8 22. Qg4+ Kc7 23. Qg3 Nd3+ 24. Kc2 Qxg3 25. hxg3 Nxf2 26.
Rxh7+ Kb6 27. c5+ Kxc5 28. Rxb7 Ng4 29. Re7 Rf8 30. Kc3 Rf2 31. Bh3 Nf6 32.
Re5+ Nd5+ 33. Kd3 Rxb2 34. e4 Rh2 35. Bc8 Kd6 36. Re6+ Kc7 37. exd5 Kxc8 38.
Rxc6+ Kd7 39. a4 Ra2 40. Ra6 Ra3+ 41. Kd4 Rxg3 42. Rxa7+ Kd6 43. Ra6+ Kd7 44.
a5 Rg1 45. Rf6 Rd1+ 46. Kc5 Rc1+ 47. Kb6 Rb1+ 48. Ka7 Rb5 49. a6 Rxd5 50. Kb7
Rc5 51. a7 Rc7+ 52. Kb6 Rc8 53. Rxg6 Ra8 54. Kb7 Rc8 55. Rg7+ Kd8 56. Rg8+ 1-0

[Event "Chigorin Memorial"]
[Site "St Petersburg"]
[Date "2015.10.11"]
[Round "9.178"]
[White "Biyachuev, Minkail"]
[Black "Zvereva, Svetlana"]
[Result "0-1"]
[WhiteElo "1437"]
[BlackElo "1545"]
[PlyCount "65"]
[EventDate "2015.10.03"]
[EventRounds "9"]
[EventCountry "RUS"]

1. d4 d5 2. Bf4 e6 3. e3 Nf6 4. Bg3 c5 5. c3 Nc6 6. Bd3 c4 7. Bc2 Be7 8. Nf3 h6
9. Nbd2 O-O 10. Ne5 Nxe5 11. Bxe5 Nd7 12. Nf3 Nf6 13. Nd2 Bd6 14. Bg3 Qc7 15.
e4 Bxg3 16. hxg3 e5 17. exd5 exd4 18. cxd4 Re8+ 19. Kf1 c3 20. bxc3 Qxc3 21.
Nb3 Nxd5 22. Qd3 Qxd3+ 23. Bxd3 b6 24. f3 Be6 25. g4 Rac8 26. Kf2 Rc3 27. Be4
Nf6 28. Rhe1 Rd8 29. Rad1 Bxb3 30. axb3 Rxb3 31. d5 Rd6 32. Rc1 Nxe4+ 33. fxe4
{unreadable} 0-1